El marxismo soviético

Guardado en:
Detalles Bibliográficos
Autor principal: Marcuse, Herbert (autor)
Formato: Libro
Lenguaje:español
Publicado: Madrid Alianza 1969
Edición:2a. ed
Colección:El Libro de Bolsillo
Materias:
Etiquetas: Agregar Etiqueta
Sin Etiquetas, Sea el primero en etiquetar este registro!

MARC

LEADER 00000nam a2200000 a 4500
001 UCO0224
003 CL-VaPUC
008 000420e19690000SP |||||||||||||||||spa|d
082 0 4 |a 335.43  |b MAR  |2 21 
100 |a Marcuse, Herbert  |e autor  |9 329251 
245 1 3 |a El marxismo soviético 
250 |a 2a. ed 
300 |a 300 p 
942 |c BK 
945 |d 20000420 00:00:00  |a crobeson 
260 |a Madrid  |b Alianza  |c 1969 
600 0 |a Engels, Friedrich,  |d 1820-1895  |9 337012 
600 0 |a Lenin, Vladimir Ilich  |d 1870-1924  |9 319799 
600 0 7 |a STALIN, JOSEPH  |2 CL-VaPUC  |9 313919 
600 0 |a Marx, Karl Heinrich,  |d 1818-1883  |9 861123 
650 7 |a MARXISMO LENINISMO  |2 CL-VaPUC  |9 259250 
650 0 |a Comunismo  |9 255588 
650 0 |a Filosofía marxista  |9 337959 
650 7 |a MATERIALISMO DIALECTICO  |2 CL-VaPUC  |9 315449 
650 0 |a Socialismo  |9 255260 
650 0 |a Etica política   |9 255799 
650 0 |a Historia de las ideas  |9 420996 
650 0 |a Historia y crítica   |9 257407 
651 0 |a Unión Soviética  |9 256769 
583 |a last modification  |c 20000420 00:00:00  |k Rodrigo Vera 
490 0 |a El Libro de Bolsillo 
999 |c 286939  |d 286937 
952 |0 0  |1 0  |4 0  |6 335_430000000000000_MAR_1969  |7 0  |8 A  |9 333217  |a BIBHIS  |b BIBHIS  |d 2019-11-20  |i 1399772  |o 335.43 MAR 1969  |p 1399772  |r 2025-01-20  |w 2019-11-20  |y BK  |k HIS 
952 |0 0  |1 0  |4 0  |6 335_430000000000000_MAR_1969  |7 0  |8 A  |9 333218  |a BIBHIS  |b BIBHIS  |d 2019-11-20  |i 1270060  |o 335.43 MAR 1969  |p 1270060  |r 2025-01-20  |w 2019-11-20  |y BK  |k HIS